<?xml version="1.0" encoding="UTF-8"?>
<collection xmlns="http://www.loc.gov/MARC21/slim">
 <record>
  <leader>     na                 </leader>
  <controlfield tag="001">INLIS000000001166547</controlfield>
  <controlfield tag="005">20260129092840</controlfield>
  <datafield tag="035" ind1=" " ind2=" ">
   <subfield code="a">0010-0126000409</subfield>
  </datafield>
  <controlfield tag="007">ta</controlfield>
  <controlfield tag="008">260129                |          | |  </controlfield>
  <datafield tag="020" ind1=" " ind2=" ">
   <subfield code="a">978-602-386-756-1</subfield>
  </datafield>
  <datafield tag="082" ind1=" " ind2=" ">
   <subfield code="a">589.45</subfield>
  </datafield>
  <datafield tag="084" ind1=" " ind2=" ">
   <subfield code="a">SR 589.45 NOE r</subfield>
  </datafield>
  <datafield tag="100" ind1="0" ind2=" ">
   <subfield code="a">Noer Kasanah</subfield>
   <subfield code="e">penulis</subfield>
  </datafield>
  <datafield tag="245" ind1="1" ind2=" ">
   <subfield code="a">Rumput laut Indonesia /</subfield>
   <subfield code="c">Noer Kasanah, Maria Ulfah, Aji Nugroho, Adhika P. Agra Wijnana, Triyanto; penyunting, Moulidvi</subfield>
  </datafield>
  <datafield tag="300" ind1=" " ind2=" ">
   <subfield code="e">1 berkas komputer (8,5 MB)</subfield>
  </datafield>
  <datafield tag="650" ind1=" " ind2="4">
   <subfield code="a">Ganggang laut</subfield>
  </datafield>
  <datafield tag="700" ind1="0" ind2=" ">
   <subfield code="a">Maria Ulfah</subfield>
   <subfield code="e">penulis</subfield>
  </datafield>
  <datafield tag="700" ind1="0" ind2=" ">
   <subfield code="a">Aji Nugroho</subfield>
   <subfield code="e">penulis</subfield>
  </datafield>
  <datafield tag="700" ind1="0" ind2=" ">
   <subfield code="a">Adhika P. Agra Wijnana</subfield>
   <subfield code="e">penulis</subfield>
  </datafield>
  <datafield tag="700" ind1="0" ind2=" ">
   <subfield code="a">Triyanto</subfield>
   <subfield code="e">penulis</subfield>
  </datafield>
  <datafield tag="700" ind1="0" ind2=" ">
   <subfield code="a">Moulidvi</subfield>
   <subfield code="e">penyunting</subfield>
  </datafield>
  <datafield tag="520" ind1=" " ind2=" ">
   <subfield code="a">&quot;Indonesia merupakan negara maritim dengan potensi sumber daya laut yang sangat besar dan belum sepenuhnya dikelola bagi kemakmuran rakyat. Rumput laut merupakan salah satu sumber daya kelautan yang masih perlu dieksplorasi dan dikembangkan.&#13;
  &#13;
   &#13;
  &#13;
   Pantai selatan Yogyakarta, khususnya wilayah Gunung Kidul, selain menarik sebagai daerah tujuan wisata juga menyimpan sumber daya kelautan, yaitu rumput laut. Di dalam buku ini penulis mencoba melakukan inventaris dan dokumentasi jenis-jenis rumput laut yang terdapat di pantai-pantai Gunung Kidul. Tujuan utama dari penulisan buku ini adalah memberi sumbangan bagi dokumentasi kekayaan laut Indonesia supaya dapat bermanfaat bagi dunia pendidikan dan penelitian. Selain itu, penulis dan tim peneliti berharap semoga buku ini dapat menjadi salah satu acuan bagi pemerintah daerah dalam mengelola potensi kekayaan laut, terutama rumput laut. Penelitian dan kajian mengenai kandungan kimiawi, manfaat, dan budi daya masih terus dilakukan oleh penulis dan tim peneliti agar suatu saat potensi rumput laut Yogyakarta dapat dimanfaatkan, mempunyai nilai ekonomi sehingga membawa kemakmuran bagi rakyat.&quot;</subfield>
  </datafield>
  <datafield tag="264" ind1=" " ind2=" ">
   <subfield code="a">Yogyakarta :</subfield>
   <subfield code="b">Gadjah Mada University Press,</subfield>
   <subfield code="c">2018</subfield>
  </datafield>
  <datafield tag="336" ind1=" " ind2=" ">
   <subfield code="2">rdacontent</subfield>
   <subfield code="a">Teks</subfield>
  </datafield>
  <datafield tag="337" ind1=" " ind2=" ">
   <subfield code="2">rdamedia</subfield>
   <subfield code="a">Komputer</subfield>
  </datafield>
  <datafield tag="338" ind1=" " ind2=" ">
   <subfield code="2">rdacarrier</subfield>
   <subfield code="a">Sumber sambung jaring</subfield>
  </datafield>
  <datafield tag="990" ind1=" " ind2=" ">
   <subfield code="a">3407251</subfield>
  </datafield>
 </record>
</collection>
